Statystyki dla Zawodnicy powołani na Euro 2008, 2012, 2016 i 2020

Kliknij tutaj aby rozwiązać quiz!

Ogólne statystyki

  • Ten quiz został rozwiązany 265 razy
  • Średni wynik to 37 z 72

Statystyki odpowiedzi

Imię i NazwiskoNa jakich Euro był w kadrzeLiczba meczy na Euro% Poprawnych
Robert Lewandowski2012, 2016, 202011
99%
Mariusz Lewandowski20083
94%
Wojciech Szczęsny2012, 2016, 20205
92%
Łukasz Fabiański2008, 2016, 20204
91%
Jakub Błaszczykowski2012, 20168
89%
Arkadiusz Milik20165
87%
Łukasz Piszczek2008, 2012, 20168
86%
Kamil Glik2016, 20208
84%
Artur Boruc2008, 20163
83%
Grzegorz Krychowiak2016, 20207
82%
Kamil Grosicki2012, 20166
80%
Michał Pazdan2008, 20165
78%
Piotr Zieliński2016, 20204
78%
Przemysław Tytoń20123
72%
Artur Jędrzejczyk20165
68%
Jan Bednarek20203
68%
Łukasz Skorupski20200
68%
Karol Linetty2016, 20202
66%
Bartosz Bereszyński20203
65%
Maciej Rybus2012, 20202
64%
Krzysztof Mączyński20164
63%
Ludovic Obraniak20123
63%
Karol Świderski20203
62%
Sławomir Peszko20163
61%
Bartosz Kapustka20164
60%
Euzebiusz Smolarek20083
60%
Jakub Wawrzyniak2008, 2012, 20161
58%
Przemysław Frankowski20203
56%
Tymoteusz Puchacz20203
56%
Damien Perquis20123
54%
Sebastian Boenisch20123
54%
Tomasz Jodłowiec20165
53%
Jakub Moder20202
52%
Eugen Polanski20123
51%
Kamil Jóźwiak20203
50%
Marcin Wasilewski2008, 20126
48%
Paweł Brożek20122
48%
Thiago Cionek20161
48%
Jacek Krzynówek20083
47%
Rafał Murawski2008, 20125
47%
Roger Guerreiro20083
47%
Michał Żewłakow20083
46%
Dawid Kownacki20200
45%
Mateusz Klich20203
45%
Kacper Kozłowski20202
43%
Tomasz Kędziora20200
43%
Dariusz Dudka2008, 20125
42%
Jacek Bąk20082
42%
Marcin Kamiński20120
42%
Maciej Żurawski20081
38%
Bartosz Salamon20160
36%
Grzegorz Sandomierski20120
35%
Adrian Mierzejewski20122
34%
Mariusz Jop20081
33%
Mariusz Stępiński20160
33%
Paweł Dawidowicz20201
33%
Przemysław Płacheta20201
31%
Filip Starzyński20161
28%
Jakub Świerczok20201
28%
Marek Saganowski20083
27%
Michał Helik20200
26%
Rafał Wolski20120
24%
Wojciech Kowalewski20080
24%
Grzegorz Wojtkowiak20120
23%
Artur Sobiech20120
22%
Kamil Piątkowski20200
21%
Paweł Golański20081
20%
Łukasz Garguła20080
19%
Adam Matuszczyk20121
18%
Tomasz Zahorski20081
18%
Wojciech Łobodziński20083
12%
Adam Kokoszka20081
10%

Rozkład punktacji

Percentyl według liczby udzielonych odpowiedzi

Procent ludzi z każdym wynikiem

Twoja historia wyników

Nie rozwiązałeś tego quizu